| 000 | 03397nam a2200433 a 4500 | ||
|---|---|---|---|
| 003 | CHAP | ||
| 005 | 20251203094732.0 | ||
| 007 | cr ||||||a|c|a | ||
| 008 | 101020s2010 mx ||||fom||| 00110 spa d | ||
| 035 | _a111125 | ||
| 040 | _cCHAP | ||
| 090 | _aTesis | ||
| 100 | 1 |
_aRoman Noriero, Ivan _999474 |
|
| 245 | 1 | 0 |
_aCaracterización de la producción y calidad de lombricompostas en el Estado de México _c/por Ivan Roman Noriero y Jessica Irene Rosas Castelán; director de tesis María del Rocio Leticia Romero Lima |
| 264 | 1 |
_aChapingo, Méx. : _bEl autor, _c2010. |
|
| 300 | _a1 recurso en línea (109 páginas). | ||
| 336 |
_2rdacontent _atexto _btxt |
||
| 337 |
_2rdamedia _acomputadora _bc |
||
| 338 |
_2rdacarrier _arecursos en linea _bcr |
||
| 502 |
_bIAg _cAgroecología _d2010 _gLIC |
||
| 520 | _aEl presente trabajo tuvo como objetivo principal caracterizar la producción y calidad de lombricompostas del Estado de México. El lombricompostaje se ha difundido principalmente de manera empírica y se hace necesario identificar el manejo que los productores de lombricomposta realizan en el contexto productivo, así como conocer las características de la calidad del humus de lombriz. Se realizaron encuestas y visitas a 22 unidades de producción, de las cuales 9 correspondieron a unidades de producción lombricomposta empresarial (UPLE) (40.91%), 7 a unidades de producción académica de lombricomposta (UPAL) (31.82%), 1 a finca semi-comercial (FSC) (4.55%) y 5 a fincas de autoconsumo (FA) (22.73%). En 15 de ellas se tomaron muestras de lombricomposta para su análisis de calidad. Para la determinación de la calidad del humus de lombriz se consideraron las características fisicoquímicas y sensoriales señaladas en la norma mexicana NMX- FF-109-SCFI-2008. Adicionalmente se realizó una prueba de emergencia con semillas de trigo y rábano, para evaluar la posible fitotoxicidad de las lombricompostas. El 20% de las lombricompostas presentaron una calidad extra, 27% calidad primera y el 13 % se clasificaron como segunda, 40% estuvieron fuera de norma por exceder los rangos establecidos en la norma. Los principales parámetros que afectaron la calidad se relacionaron con pH, CE, olor y color, lo cual está en función del sustrato inicial y del proceso de elaboración. Del análisis de fitotoxicidad se observó que tres lombricompostas que presentaron calidad extra, tuvieron problemas de fitotoxicidad, siendo estas no aptas como sustrato germinativo, no obstante, podrían ser utilizadas como abono o mejorador de suelo. Las demás muestras (80%), permitieron una emergencia normal de las plántulas. | ||
| 590 |
_aALEPH _b10 _c20130110 |
||
| 590 |
_aBATCH-UPD _b10 _c20130110 |
||
| 590 |
_aBATCH-UPD _b10 _c20130410 |
||
| 590 |
_aBATCH-UPD _b10 _c20130914 |
||
| 590 |
_aBATCH-UPD _b10 _c20140324 |
||
| 590 |
_aBATCH-UPD _b10 _c20141002 |
||
| 590 |
_aCONVERSION _b10 _c20130109 |
||
| 650 | 0 | 4 |
_aLombrices como compost. _967519 |
| 700 | 1 |
_aRosas Castelán, Jessica Irene. _9100003 |
|
| 700 | 1 |
_aRomero Lima, María del Rocío Leticia _eDirectora de tesis _999608 |
|
| 856 |
_uhttp://10.13.5.2/tesis/111125.pdf _zDESCARGAR PDF |
||
| 901 | _aBK | ||
| 942 | _cTD | ||
| 949 |
_bBC _cTES _d33724002211009 _eTS2 _fc.2 _gDonaciØn _h51168 _i111125 _sb |
||
| 949 |
_bBC _cTES _d33724002211040 _eTS1 _gDonaciØn _h51167 _i111125 _sb |
||
| 999 |
_c99467 _d99467 |
||